000 00820nam a2200181 a 4500
001 000039225
005 20201002031542.0
008 130611s1989 sp 000 0 spa d
020 _a8400069692
040 _aDO-SdBNP
_bspa
_cBNPHU
100 1 _aPérez Castro, Federico
_965433
245 1 0 _aPoesía secular hispano-hebrea /
_cFederico Pérez Castro; traducción del hebreo de poemas, notas y prólogos a cada poeta editados por H. Schirmann en su "Ha-Sirâ ha-ibrîtbi-Sêfarad û-bê-Provence" /.
260 _aMadrid :
_bConsejo Superior de Investigaciones Científicas :
_bInstituto de Filología,(CSIC,),
_c1989.
300 _aXXXVIII, 399 p. ;
_c24 cm.
490 1 _aLiteratura hispano-hebrea
_v2
710 2 _aConsejo Superior de Investigaciones Científicas
_94786
830 0 _aLiteratura hispano-hebrea
_v2
_965406
999 _c38715
_d38715